|
|
|
|
| LEADER |
01358nam a2200373Ia 4500 |
| 001 |
EBC459900 |
| 003 |
MiAaPQ |
| 005 |
20200520144314.0 |
| 006 |
m o d | |
| 007 |
cr cn||||||||| |
| 008 |
070710s2008 dcu sbs 000 0 eng d |
| 020 |
|
|
|z 9780821373996
|
| 020 |
|
|
|a 9780821374276 (electronic bk.)
|
| 035 |
|
|
|a (MiAaPQ)EBC459900
|
| 035 |
|
|
|a (Au-PeEL)EBL459900
|
| 035 |
|
|
|a (CaPaEBR)ebr10233397
|
| 035 |
|
|
|a (CaONFJC)MIL138586
|
| 035 |
|
|
|a (OCoLC)244006742
|
| 040 |
|
|
|a MiAaPQ
|c MiAaPQ
|d MiAaPQ
|
| 050 |
|
4 |
|a HC59.3
|b .L58 2008
|
| 245 |
0 |
4 |
|a The little green data book.
|n 2008
|h [electronic resource].
|
| 260 |
|
|
|a Washington, D.C. :
|b World Bank,
|c c2008.
|
| 300 |
|
|
|a x, 232 p.
|
| 490 |
0 |
|
|a The little green data book ;
|v 2008
|
| 504 |
|
|
|a Includes bibliographical references.
|
| 533 |
|
|
|a Electronic reproduction. Ann Arbor, MI : ProQuest, 2015. Available via World Wide Web. Access may be limited to ProQuest affiliated libraries.
|
| 650 |
|
0 |
|a Economic development
|y 21st century
|v Statistics.
|
| 650 |
|
0 |
|a Economic history
|y 21st century
|v Statistics.
|
| 650 |
|
0 |
|a Economic indicators.
|
| 650 |
|
0 |
|a Economic policy
|y 21st century.
|
| 655 |
|
4 |
|a Electronic books.
|
| 710 |
2 |
|
|a World Bank.
|
| 710 |
2 |
|
|a ProQuest (Firm)
|
| 856 |
4 |
0 |
|u https://ebookcentral.proquest.com/lib/matrademy/detail.action?docID=459900
|z Click to View
|